1479 1812 1826 1264 1357 1758 1102 1186 1590 1438 1484 1577 1402 1137 1500 1871 1479 1309 1309 1309 1208 1371 1850 1134 1252 1186 1993 1430 1981 1181 1874 1459 1735 1656 1341 1711 1032 1861 1640 1321 1567 1628 1270 1954 1625 1731 1186 1851 1958 1965 1472 1848 1757 1386 1702 1287 1214 1828 1973 1736 1916 1095 1656 1023 1453 1911 1664 1428 1466 1817 1521 1437 1019 1220 1045 1589 1421 1064 1631 1690 1076 1008 1359 1161 1251 1994 1082 1508 1696 1093 1683 1702 1366 1181 1855 1081 1472 1671 1528 BCNSPRNW ULIB Ver.6.0+V

เปลี่ยนเป็นภาษาไทย

Change to English
 แสดงรายละเอียดบรรณานุกรม
  กลับหน้าหลัก

Brief Record : Get Marc (ISO 2709) : E-mail record : QR code < ปิดหน้าต่าง
LEADER : 00000nam 2200000uu 4500
001    13399121935
003     ULIB
008    121214s2548||||th 000 0 tha d
020    ^a9749930037
060 04 ^aWM140^bร123ภ 2548
100 0  ^aรณชัย คงสกนธ์
245 10 ^aภาวะผิดปกติทางจิตใจจากเหตุการณ์วินาศภัย :^bPosttraumaticstress disorder (PTSD) /^cรณชัย คงสกนธ์
246 31 ^aPosttraumatic stress disorder (PTSD)
260    ^aกรุงเทพฯ :^bโรงพิมพ์สหประชาพาณิชย์,^c2548
300    ^a124 หน้า :^bตาราง
500    ^aมีบรรณานุกรมและดรรชนีประกอบ
650  2 ^aStress disorders, post^xtraumatic
710 20 ^aมหาวิทยาลัยมหิดล.^bคณะแพทยศาสตร์ โรงพยาบาลรามาธิบดี
945    ^p189^l0^i24217
995    ^aทศพร
999    ^aทศพร เกษรทอง
รายการนี้ยังไม่มีแท็ก
คุณยังไม่ได้ล็อกอิน คุณสามารถมีกิจกรรมร่วมกับเว็บไซต์ได้ แต่ต้องล็อกอินก่อน ::
  ล็อกอิน

รายการสื่อสารสนเทศ

ลำดับที่ ประเภท เลขเรียก/บาร์โค้ด สถานที่ สถานะ
1. วิทยาศาสตร์การแพทย์ และสุขภาพ
วิทยาศาสตร์การแพทย์ และสุขภาพ
WM140 ร123ภ 2548 ฉ.1 
  Barcode: 24217
ห้องสมุดวิทยาเขตสวรรค์ประชารักษ์
►หนังสือทั่วไป
บนชั้น

รายการใกล้เคียง
    ผู้แต่ง [รณชัย คงสกนธ์]

BibComment


ยังไม่เคยถูกคอมเมนท์

คอมเมนท์ทรัพยากรรายการนี้
  คอมเมนท์: ภาวะผิดปกติทางจิ..


 Copyright 2026. Bcnsprnw @Library